[Event "Litomysl 2006"]
[Site "?"]
[Date "2006.12.30"]
[Round "7.20"]
[White "Jedlicka, Ales"]
[Black "Kulovana, Eva"]
[Result "1/2-1/2"]
[WhiteElo "2235"]
[BlackElo "2263"]
[PlyCount "41"]
[EventDate "2006.12.26"]

1. d4 d5 2. c4 c6 3. Nf3 Nf6 4. Nc3 a6 5. cxd5 cxd5 6. Bf4 Nc6 7. e3 Bg4 8. Be2
e6 9. Rc1 Be7 10. O-O O-O 11. h3 Bh5 12. a3 Rc8 13. b4 b5 14. Nd2 Bxe2 15. Qxe2
Qb6 16. Nb3 Rfd8 17. Nc5 h6 18. Rb1 Ne8 19. a4 Bd6 20. axb5 axb5 21. Bxd6
1/2-1/2

[Event "Litomysl 2006"]
[Site "?"]
[Date "2006.12.30"]
[Round "7.23"]
[White "Macicek, Jan  sen"]
[Black "Neumeier, Klaus"]
[Result "1-0"]
[WhiteElo "2155"]
[BlackElo "2289"]
[PlyCount "81"]
[EventDate "2006.12.26"]

1. e4 e5 2. Nf3 Nc6 3. Bb5 a6 4. Ba4 Nf6 5. O-O Be7 6. Re1 b5 7. Bb3 O-O 8. a4
Bb7 9. axb5 axb5 10. Rxa8 Bxa8 11. Nc3 Na5 12. Ba2 b4 13. Nd5 Bxd5 14. exd5 b3
15. cxb3 e4 16. Ng5 Nxd5 17. Nxe4 Nb4 18. Bb1 d5 19. Ng3 c5 20. d4 cxd4 21.
Qxd4 Nac6 22. Qg4 g6 23. Nf5 Bf6 24. Bd2 d4 25. Be4 Re8 26. Nh6+ Kg7 27. h4 d3
28. h5 Ne5 29. Qf4 Nc2 30. hxg6 hxg6 31. Rd1 Nd4 32. Kf1 Rh8 33. g4 Ne6 34. Qg3
Qd4 35. Re1 Ng5 36. Nf5+ gxf5 37. gxf5 Rh3 38. Qg2 Rh5 39. f4 Nef3 40. Bxf3 Qd8
41. Bxh5 1-0

[Event "Litomysl 2006"]
[Site "?"]
[Date "2006.12.30"]
[Round "7.27"]
[White "Bujnoch, Radek"]
[Black "Bebel, Arkadiusz"]
[Result "1/2-1/2"]
[WhiteElo "2250"]
[BlackElo "2133"]
[PlyCount "88"]
[EventDate "2006.12.26"]

1. e4 c5 2. Nf3 e6 3. d4 cxd4 4. Nxd4 Nf6 5. Nc3 d6 6. Be3 Be7 7. f3 O-O 8. Qd2
d5 9. exd5 Nxd5 10. Nxd5 Qxd5 11. Bd3 Nd7 12. O-O Nc5 13. c4 Qh5 14. Bc2 Rd8
15. Qf2 e5 16. Nc6 bxc6 17. Bxc5 Bg5 18. Rfd1 Be6 19. b3 Qh6 20. Bxa7 Rxd1+ 21.
Rxd1 f5 22. Kh1 Qh4 23. g3 Qh5 24. Rf1 Qf7 25. Be3 Bxe3 26. Qxe3 Rxa2 27. Bb1
Ra3 28. Re1 Bd7 29. Qxe5 Rxb3 30. c5 Rb7 31. Qe2 Qf8 32. Ba2+ Kh8 33. f4 h6 34.
Qe5 Rb8 35. Rd1 Rb7 36. Rd6 Kh7 37. Bc4 Qe8 38. Bd3 Qxe5 39. fxe5 g6 40. g4 Kg7
41. e6 Be8 42. gxf5 gxf5 43. Bxf5 Rb5 44. Rd8 Rxc5 1/2-1/2

[Event "Litomysl 2006"]
[Site "?"]
[Date "2006.12.30"]
[Round "7.30"]
[White "Konstacky, Matej"]
[Black "Blecha, Miroslav"]
[Result "0-1"]
[WhiteElo "2025"]
[BlackElo "2204"]
[PlyCount "52"]
[EventDate "2006.12.26"]

1. e4 c5 2. b4 cxb4 3. d4 e6 4. a3 Nf6 5. Bd3 Nc6 6. Ne2 Be7 7. O-O O-O 8. h3
b6 9. Be3 Bb7 10. Nd2 bxa3 11. c3 Qc8 12. f4 Ba6 13. Qc2 Nb4 14. cxb4 Qxc2 15.
Bxc2 Bxe2 16. Rfe1 Bb5 17. Reb1 Rfc8 18. Bd1 Bd3 19. Rb3 Bxe4 20. Nxe4 Nxe4 21.
Bf3 d5 22. Bxe4 dxe4 23. Bc1 Rc4 24. Bxa3 Rxd4 25. Rg3 g6 26. b5 Ra4 0-1

[Event "Litomysl 2006"]
[Site "?"]
[Date "2006.12.30"]
[Round "7.31"]
[White "Herbold, Manfred"]
[Black "Machlowski, Slawomir"]
[Result "1/2-1/2"]
[WhiteElo "2204"]
[BlackElo "2122"]
[PlyCount "62"]
[EventDate "2006.12.26"]

1. d4 c5 2. dxc5 e6 3. Nc3 Bxc5 4. Ne4 Qc7 5. Nxc5 Qxc5 6. c3 Nf6 7. Nf3 Nc6 8.
Be3 Qa5 9. g3 Ng4 10. Bc1 Qc5 11. e3 e5 12. Qa4 f5 13. Qc4 Qe7 14. Bg2 e4 15.
Nd4 Nce5 16. Qd5 Nd3+ 17. Ke2 g6 18. Nb5 Kf8 19. h3 Qe5 20. Qxe5 Ngxe5 21. b3
Nxc1+ 22. Raxc1 b6 23. c4 Bb7 24. Rhd1 Ke7 25. Rd4 Bc6 26. Nc7 Rac8 27. Nd5+
Bxd5 28. Rxd5 d6 29. Rcd1 Rhd8 30. f3 exf3+ 31. Bxf3 Rc5 1/2-1/2

[Event "Litomysl 2006"]
[Site "?"]
[Date "2006.12.30"]
[Round "7.38"]
[White "Van Nieuwenhuizen, Hans"]
[Black "Macicek, Jakub"]
[Result "1/2-1/2"]
[WhiteElo "1955"]
[BlackElo "2030"]
[PlyCount "57"]
[EventDate "2006.12.26"]

1. d4 Nf6 2. c4 e6 3. Nc3 Bb4 4. e3 b6 5. a3 Bxc3+ 6. bxc3 Bb7 7. Nf3 O-O 8.
Bd3 Ne4 9. Qc2 f5 10. O-O d6 11. Nd2 Nxd2 12. Bxd2 Qh4 13. f3 Nd7 14. Be1 Qh5
15. Qf2 e5 16. Qh4 Qf7 17. Ra2 g6 18. e4 f4 19. g3 Qg7 20. d5 Nc5 21. Be2 Ba6
22. Bf2 Qd7 23. Rb1 Bc8 24. Kh1 Na4 25. Be1 a5 26. Bd2 fxg3 27. Qxg3 Nc5 28.
Bh6 Rf7 29. Rg1 1/2-1/2

[Event "Litomysl 2006"]
[Site "?"]
[Date "2006.12.31"]
[Round "8.2"]
[White "Zilka, Stepan"]
[Black "Cernousek, Lukas"]
[Result "1/2-1/2"]
[WhiteElo "2375"]
[BlackElo "2408"]
[PlyCount "158"]
[EventDate "2006.12.26"]

1. e4 e6 2. d4 d5 3. Nc3 Nf6 4. Bg5 Bb4 5. e5 h6 6. Bh4 g5 7. Bg3 Ne4 8. Nge2
f5 9. exf6 Qxf6 10. Qd3 Nc6 11. Qe3 Nxg3 12. hxg3 Bd7 13. a3 Be7 14. O-O-O
O-O-O 15. g4 Rdf8 16. f3 Qf7 17. Rh5 a6 18. Kb1 Bd6 19. Nc1 e5 20. dxe5 d4 21.
Rxd4 Bc5 22. Nb3 Ba7 23. Qe4 Nxd4 24. Nxd4 Qf4 25. e6 Qxe4 26. exd7+ Kxd7 27.
Nxe4 Bxd4 28. Bd3 Be5 29. Nc5+ Kc6 30. b4 Rd8 31. Rh1 Kb6 32. Be4 c6 33. Nd3
Bg7 34. Ka2 Rhe8 35. a4 Rd4 36. a5+ Ka7 37. Kb3 Kb8 38. Re1 Kc7 39. Re2 Re7 40.
Re3 Rd8 41. c3 Rh8 42. Nc5 Rd8 43. Kc2 Bf6 44. Re1 Rd6 45. Rh1 Bg7 46. Re1 Bf8
47. Nd3 Kb8 48. Nb2 Rd8 49. Nc4 c5 50. bxc5 Rc8 51. Nb6 Rxc5 52. Rd1 Bg7 53.
Rd8+ Kc7 54. Rc8+ Kd6 55. Nc4+ Rxc4 56. Rxc4 Rc7 57. Rxc7 Kxc7 58. Bd5 b6 59.
axb6+ Kxb6 60. Kd3 Kc5 61. Bg8 a5 62. Bb3 Be5 63. Ba4 Bg7 64. Be8 Bh8 65. c4
Kb4 66. Bb5 Bc3 67. Ke4 a4 68. Bxa4 Kxc4 69. Kf5 Kd5 70. Bb3+ Kd6 71. Bd1 Ke7
72. Kg6 Be5 73. Bb3 Bc3 74. Bg8 Be5 75. Bd5 Bc3 76. Bc4 Bb2 77. Bb3 Bc3 78. Ba2
Bb2 79. g3 Bc3 1/2-1/2

[Event "Litomysl 2006"]
[Site "?"]
[Date "2006.12.31"]
[Round "8.3"]
[White "Slaby, Jerzy"]
[Black "Simacek, Pavel"]
[Result "1-0"]
[WhiteElo "2437"]
[BlackElo "2479"]
[PlyCount "129"]
[EventDate "2006.12.26"]

1. e4 c5 2. Ne2 d6 3. g3 g6 4. Bg2 Bg7 5. c3 e6 6. d4 Nd7 7. Na3 cxd4 8. Nxd4
a6 9. O-O Ne7 10. Nc4 Nb6 11. Ne3 O-O 12. a4 e5 13. Ndc2 Be6 14. Nb4 Rc8 15. a5
Nc4 16. Nxc4 Bxc4 17. Re1 Rc5 18. Qa4 Nc6 19. Nxc6 Rxc6 20. Qb4 Qc8 21. b3 Be6
22. c4 Rd8 23. Be3 Rd7 24. Qd2 Bf6 25. Ra2 Bd8 26. f4 exf4 27. gxf4 Bh4 28. Rf1
Re7 29. f5 Bd7 30. Bd4 Re5 31. fxg6 fxg6 32. Qf4 Bg5 33. Qf7+ Kh8 34. Raf2 Be6
35. Qf8+ Qxf8 36. Rxf8+ Kg7 37. R8f3 Bd2 38. Bxe5+ dxe5 39. Ra1 Rd6 40. Bh3
Bxh3 41. Rxh3 Rd4 42. Ra2 Bf4 43. Re2 g5 44. c5 Bd2 45. Rf3 g4 46. Rf1 Bxa5 47.
Rf5 Bc3 48. Kg2 Rb4 49. Rg5+ Kf6 50. Rxg4 Bd4 51. Rc2 Rxb3 52. c6 bxc6 53.
Rxc6+ Kf7 54. Rxa6 Rb7 55. Rh6 Kf8 56. Rf6+ Ke8 57. Rg8+ Ke7 58. Rh6 Rb2+ 59.
Kh3 Kf7 60. Rg2 Rb3+ 61. Rg3 Rxg3+ 62. hxg3 Kg7 63. Rc6 h5 64. Kh4 Bf2 65. Re6
1-0

[Event "Litomysl 2006"]
[Site "?"]
[Date "2006.12.31"]
[Round "8.4"]
[White "Fuchs, Georg"]
[Black "Berescu, Alin"]
[Result "0-1"]
[WhiteElo "2194"]
[BlackElo "2485"]
[PlyCount "62"]
[EventDate "2006.12.26"]

1. e4 g6 2. h4 Bg7 3. h5 d5 4. hxg6 hxg6 5. Rxh8 Bxh8 6. exd5 Qxd5 7. Qf3 Qa5
8. Bc4 Nf6 9. Qb3 e6 10. Nf3 a6 11. Qe3 Qh5 12. Qf4 c5 13. Nc3 Nc6 14. Ne4 Qh1+
15. Bf1 Nxe4 16. Qxe4 e5 17. d3 Be6 18. Bg5 f5 19. Qe3 Nd4 20. O-O-O Qh5 21. c3
Rc8 22. Re1 Rc6 23. Nxe5 Bxe5 24. Qxe5 Qxg5+ 25. f4 Qh4 26. cxd4 cxd4+ 27. Kb1
Qf2 28. Qh8+ Kd7 29. Qg7+ Kc8 30. Qf8+ Kc7 31. Qe7+ Kb8 0-1

[Event "Litomysl 2006"]
[Site "?"]
[Date "2006.12.31"]
[Round "8.6"]
[White "Mudrak, Josef"]
[Black "Grunberg, Mihai-Lucian"]
[Result "0-1"]
[WhiteElo "2343"]
[BlackElo "2414"]
[PlyCount "65"]
[EventDate "2006.12.26"]

1. d4 Nf6 2. Nf3 c5 3. c4 cxd4 4. Nxd4 Nc6 5. Nc3 g6 6. g3 Qb6 7. Nc2 Bg7 8. e4
d6 9. Qe2 O-O 10. Bg2 Bg4 11. f3 Be6 12. Nd5 Bxd5 13. cxd5 Nb4 14. Ne3 Rac8 15.
a3 Na2 16. Bd2 Qxb2 17. O-O Nd7 18. Bh3 Rfd8 19. Bxd7 Rxd7 20. Qd3 Nc3 21. a4
Rdc7 22. Kh1 Qb6 23. Ng4 Qd4 24. Qxd4 Bxd4 25. Be3 Rc4 26. Bxd4 Rxd4 27. Rfc1
Rc5 28. a5 Rd3 29. Kg2 Rd2+ 30. Nf2 f5 31. Kf1 fxe4 32. fxe4 Rc8 33. Kg2 0-1

[Event "Litomysl 2006"]
[Site "?"]
[Date "2006.12.31"]
[Round "8.8"]
[White "Cerveny, Martin"]
[Black "Zawadzki, Stanislaw"]
[Result "1/2-1/2"]
[WhiteElo "2297"]
[BlackElo "2422"]
[PlyCount "93"]
[EventDate "2006.12.26"]

1. d4 d6 2. c4 e5 3. Nf3 e4 4. Nfd2 f5 5. e3 Nf6 6. Nc3 g6 7. Be2 Bg7 8. O-O
O-O 9. b4 Nc6 10. b5 Ne7 11. f3 exf3 12. Bxf3 a6 13. a4 g5 14. g3 f4 15. gxf4
gxf4 16. e4 Ng6 17. Nb3 Rf7 18. Kh1 Be6 19. Qe2 axb5 20. axb5 Rxa1 21. Nxa1 c5
22. bxc6 bxc6 23. Nc2 Qc8 24. Ba3 c5 25. Nd5 Nd7 26. Bh5 cxd4 27. Bxd6 Qa6 28.
Bxg6 hxg6 29. Bxf4 Qa2 30. Kg2 Nc5 31. Nxd4 Qxe2+ 32. Nxe2 Nxe4 33. Re1 g5 34.
Be3 Bg4 35. Ng3 Bf3+ 36. Kg1 Nxg3 37. hxg3 g4 38. Bb6 Rb7 39. Bf2 Kf7 40. Nf4
Rb8 41. Nd3 Rh8 42. Kf1 Rh1+ 43. Bg1 Bd4 44. Nf2 Bxf2 45. Kxf2 Rh6 46. Re5 Re6
47. Rxe6 1/2-1/2

[Event "Litomysl 2006"]
[Site "?"]
[Date "2006.12.31"]
[Round "8.9"]
[White "Groetz, Harald"]
[Black "Novotny, Michal"]
[Result "1-0"]
[WhiteElo "2399"]
[BlackElo "2238"]
[PlyCount "75"]
[EventDate "2006.12.26"]

1. e4 c5 2. Nc3 Nc6 3. Bb5 e6 4. Bxc6 bxc6 5. d3 Ba6 6. f4 Nf6 7. Nf3 c4 8. d4
Bb4 9. e5 Nd5 10. Bd2 Qa5 11. Nxd5 cxd5 12. a3 Bxd2+ 13. Qxd2 Qxd2+ 14. Kxd2
Rb8 15. Kc3 Ke7 16. g3 Rb6 17. Rab1 Rhb8 18. Nd2 Bb5 19. Rhf1 Ba4 20. f5 f6 21.
exf6+ gxf6 22. Rf4 exf5 23. Nf3 Re6 24. Re1 Rbb6 25. Rxf5 Rxe1 26. Nxe1 Re6 27.
Kd2 Rb6 28. Rxd5 Bc6 29. Ra5 Rxb2 30. d5 Rb5 31. Rxb5 Bxb5 32. Kc3 Kd6 33. Kd4
Ba4 34. c3 Bd1 35. Ng2 Bf3 36. Ne3 Kc7 37. Nxc4 d6 38. Nd2 1-0

[Event "Litomysl 2006"]
[Site "?"]
[Date "2006.12.31"]
[Round "8.11"]
[White "Spirin, Oleg"]
[Black "Fiser, Jiri"]
[Result "1-0"]
[WhiteElo "2345"]
[BlackElo "2144"]
[PlyCount "63"]
[EventDate "2006.12.26"]

1. d4 Nf6 2. c4 g6 3. Nc3 Bg7 4. g3 d6 5. Bg2 O-O 6. Nf3 c5 7. d5 Na6 8. O-O
Nc7 9. e4 Nd7 10. Bf4 Rb8 11. a4 a6 12. Qe2 f6 13. Ne1 Ne5 14. a5 b5 15. axb6
Rxb6 16. Bc1 f5 17. f4 Nf7 18. exf5 Bxf5 19. h3 Bc8 20. Nf3 e6 21. dxe6 Bxe6
22. Rd1 Re8 23. Qf1 Rb4 24. Nd2 d5 25. cxd5 Nxd5 26. Nde4 Bd4+ 27. Kh2 Qb8 28.
Qxa6 Ne3 29. Bxe3 Bxe3 30. Nf6+ Kg7 31. Nxe8+ Qxe8 32. Re1 1-0

[Event "Litomysl 2006"]
[Site "?"]
[Date "2006.12.31"]
[Round "8.13"]
[White "Villwock, Martin"]
[Black "Grecescu, Gabriel-Andrei"]
[Result "0-1"]
[WhiteElo "2170"]
[BlackElo "2405"]
[PlyCount "66"]
[EventDate "2006.12.26"]

1. e4 c5 2. Nf3 g6 3. g3 Bg7 4. Bg2 Nc6 5. O-O d6 6. d3 e6 7. c3 Nge7 8. Re1
O-O 9. h4 h6 10. Nbd2 e5 11. a3 Be6 12. b4 Qd7 13. Rb1 b6 14. Nc4 f6 15. b5 Nd8
16. a4 Nf7 17. Qe2 f5 18. Bb2 Rae8 19. Rbd1 g5 20. exf5 Nxf5 21. hxg5 hxg5 22.
Ne3 d5 23. c4 Nxe3 24. Qxe3 d4 25. Qe2 Bg4 26. Qe4 Bf5 27. Qe2 e4 28. Nd2 Bg4
29. Qf1 e3 30. Bc6 Qd6 31. Bxe8 Ne5 32. f4 gxf4 33. Ne4 Qh6 0-1

[Event "Litomysl 2006"]
[Site "?"]
[Date "2006.12.31"]
[Round "8.15"]
[White "Blecha, Miroslav"]
[Black "Vyskocil, Neklan"]
[Result "1/2-1/2"]
[WhiteElo "2204"]
[BlackElo "2374"]
[PlyCount "76"]
[EventDate "2006.12.26"]

1. d4 Nf6 2. Nc3 d6 3. e4 g6 4. Be3 c6 5. f3 Nbd7 6. Qd2 Qa5 7. Bc4 Bg7 8.
O-O-O O-O 9. g4 d5 10. exd5 Nb6 11. Bb3 Nfxd5 12. Nge2 Be6 13. Bh6 Nxc3 14.
Nxc3 Bxb3 15. axb3 Nd5 16. Bxg7 Kxg7 17. Kb1 Rad8 18. h4 h6 19. h5 g5 20. Rhe1
e6 21. Re5 Nxc3+ 22. bxc3 Rd5 23. Rde1 Rfd8 24. Qd3 Rxe5 25. Rxe5 Rd5 26. Re4
Qa3 27. c4 Ra5 28. Qc3 Qa2+ 29. Kc1 Qa1+ 30. Qxa1 Rxa1+ 31. Kd2 a5 32. d5 cxd5
33. cxd5 exd5 34. Rd4 Rf1 35. Ke2 Rc1 36. Kd2 Rf1 37. Ke2 Rc1 38. Kd2 Rf1
1/2-1/2

[Event "Litomysl 2006"]
[Site "?"]
[Date "2006.12.31"]
[Round "8.26"]
[White "Vukovic, Ivo"]
[Black "Kool, Gerard"]
[Result "1/2-1/2"]
[WhiteElo "2304"]
[BlackElo "2109"]
[PlyCount "30"]
[EventDate "2006.12.26"]

1. Nf3 Nf6 2. b3 e6 3. Bb2 d5 4. g3 Be7 5. Bg2 O-O 6. O-O b6 7. d3 Bb7 8. Nbd2
c5 9. Re1 Nc6 10. e4 dxe4 11. dxe4 Qc7 12. a3 e5 13. Nc4 Rfd8 14. Qc1 Nd7 15.
Ne3 Nd4 1/2-1/2

[Event "Litomysl 2006"]
[Site "?"]
[Date "2006.12.31"]
[Round "8.29"]
[White "Benda, Robert"]
[Black "Herbold, Manfred"]
[Result "1/2-1/2"]
[WhiteElo "2007"]
[BlackElo "2204"]
[PlyCount "67"]
[EventDate "2006.12.26"]

1. Nf3 f5 2. d4 Nf6 3. e3 b6 4. Bd3 e6 5. O-O Bb7 6. Nbd2 Be7 7. b3 O-O 8. Bb2
Qe8 9. Qe2 Qg6 10. Rfd1 Ne4 11. c4 d6 12. Rac1 Nd7 13. b4 c5 14. bxc5 bxc5 15.
Nf1 Ndf6 16. Ng3 Ng4 17. Rf1 h5 18. dxc5 Nxc5 19. Ne1 h4 20. Nh1 Ne5 21. Bb1
Rab8 22. f3 Ba6 23. Bxe5 dxe5 24. Nf2 Rfc8 25. Ned3 Nd7 26. Rfd1 Bxc4 27. Rxc4
Rxc4 28. Nf4 exf4 29. Qxc4 fxe3 30. Nh3 Ne5 31. Qc7 Nxf3+ 32. Kh1 Qe8 33. gxf3
Rb2 34. Qe5 1/2-1/2

[Event "Litomysl 2006"]
[Site "?"]
[Date "2006.12.31"]
[Round "8.32"]
[White "Bebel, Arkadiusz"]
[Black "Solinas, Carlo"]
[Result "1-0"]
[WhiteElo "2133"]
[BlackElo "2031"]
[PlyCount "63"]
[EventDate "2006.12.26"]

1. e4 e5 2. Nf3 Nc6 3. Nc3 Nf6 4. g3 Bc5 5. Bg2 a6 6. O-O d6 7. d3 O-O 8. h3
Be6 9. Be3 Bxe3 10. fxe3 d5 11. exd5 Nxd5 12. Qe2 Qe7 13. Kh2 Rad8 14. Rf2 f5
15. Raf1 Kh8 16. Nh4 g6 17. Nxd5 Bxd5 18. Bxd5 Rxd5 19. e4 Nd4 20. Qd2 Rd6 21.
c3 Ne6 22. exf5 Nf4 23. fxg6 hxg6 24. d4 Qh7 25. gxf4 Qxh4 26. fxe5 Rxf2+ 27.
Qxf2 Qxf2+ 28. Rxf2 Rd7 29. e6 Re7 30. d5 Kg7 31. Kg3 b5 32. Rf4 1-0

[Event "Litomysl 2006"]
[Site "?"]
[Date "2006.12.31"]
[Round "8.36"]
[White "Van Nieuwenhuizen, Hans"]
[Black "Janocko, Petr"]
[Result "1/2-1/2"]
[WhiteElo "1955"]
[BlackElo "2089"]
[PlyCount "41"]
[EventDate "2006.12.26"]

1. d4 Nf6 2. c4 e6 3. Nc3 d5 4. Bg5 Be7 5. e3 O-O 6. Nf3 h6 7. Bh4 c5 8. Qc2
cxd4 9. Nxd4 Nc6 10. Nxc6 bxc6 11. cxd5 cxd5 12. Be2 Qb6 13. O-O Rb8 14. b3 Ba6
15. Bxa6 Qxa6 16. Qe2 Qa5 17. Rac1 Rfc8 18. Na4 Qb4 19. Bg3 Rxc1 20. Rxc1 Bd6
21. Bxd6 1/2-1/2

[Event "Litomysl 2006"]
[Site "?"]
[Date "2007.01.01"]
[Round "9.2"]
[White "Cernousek, Lukas"]
[Black "Slaby, Jerzy"]
[Result "1/2-1/2"]
[WhiteElo "2408"]
[BlackElo "2437"]
[PlyCount "95"]
[EventDate "2006.12.26"]

1. e4 c5 2. Nc3 g6 3. Nf3 Bg7 4. d4 cxd4 5. Nxd4 Nc6 6. Be3 Nf6 7. Bc4 O-O 8.
Bb3 d6 9. f3 Bd7 10. Qd2 Nxd4 11. Bxd4 b5 12. h4 a5 13. a4 bxa4 14. Nxa4 e5 15.
Bb6 Qb8 16. Be3 Be6 17. Ra3 Qb4 18. Nb6 Rab8 19. Qxb4 axb4 20. Ra5 Rb7 21. Ke2
Rfb8 22. Nd5 Nxd5 23. Bxd5 Bxd5 24. Rxd5 Bf8 25. Ra1 Be7 26. g3 f6 27. Kd3 Kf7
28. Ra7 b3 29. Rxb7 Rxb7 30. c4 Ke6 31. Kc3 f5 32. Bg5 Bxg5 33. hxg5 h6 34.
gxh6 Rh7 35. c5 dxc5 36. Rxc5 Rxh6 37. exf5+ Kxf5 38. f4 Kg4 39. fxe5 g5 40.
Kxb3 Kxg3 41. e6 Kf4 42. Rc6 Kf5 43. e7 Rh8 44. Kc4 Re8 45. Rc7 Kf6 46. Kd5
Rxe7 47. Rxe7 Kxe7 48. Ke5 1/2-1/2

[Event "Litomysl 2006"]
[Site "?"]
[Date "2007.01.01"]
[Round "9.3"]
[White "Petr, Martin"]
[Black "Zilka, Stepan"]
[Result "1/2-1/2"]
[WhiteElo "2417"]
[BlackElo "2375"]
[PlyCount "56"]
[EventDate "2006.12.26"]

1. e4 c5 2. Nf3 d6 3. d4 cxd4 4. Nxd4 Nf6 5. Nc3 Nc6 6. Bg5 e6 7. Qd2 Be7 8. f4
a6 9. O-O-O Bd7 10. Nf3 b5 11. Bxf6 Bxf6 12. Qxd6 Ra7 13. e5 Be7 14. Qd2 O-O
15. Ne4 Nb4 16. Kb1 Bc6 17. Qxd8 Rxd8 18. Rxd8+ Bxd8 19. Nc3 Bxf3 20. gxf3 Rd7
21. a3 Nd5 22. Nxd5 Rxd5 23. c4 Rd1+ 24. Kc2 Re1 25. cxb5 axb5 26. Kd2 Rb1 27.
Kc2 Re1 28. Kd2 Rc1 1/2-1/2

[Event "Litomysl 2006"]
[Site "?"]
[Date "2007.01.01"]
[Round "9.4"]
[White "Grunberg, Mihai-Lucian"]
[Black "Kraemer, Martin"]
[Result "1-0"]
[WhiteElo "2414"]
[BlackElo "2435"]
[PlyCount "107"]
[EventDate "2006.12.26"]

1. Nf3 Nf6 2. c4 e6 3. g3 d5 4. Bg2 Be7 5. O-O O-O 6. d4 dxc4 7. Qc2 a6 8. a4
Bd7 9. Bg5 Bc6 10. Qxc4 Bd5 11. Qd3 c5 12. Nc3 Bc6 13. Rfd1 Nbd7 14. e4 cxd4
15. Nxd4 Qa5 16. Bd2 Qc7 17. Rac1 Rfd8 18. Qe2 Qb6 19. Be3 Bc5 20. a5 Qxa5 21.
Nb3 Qb4 22. Nxc5 Nxc5 23. Nd5 exd5 24. Bxc5 Qb5 25. Qxb5 axb5 26. Be7 Rd7 27.
Bxf6 gxf6 28. exd5 Rad8 29. Rd4 Bxd5 30. Rcd1 Bc6 31. Rxd7 Rxd7 32. Rxd7 Bxd7
33. Bxb7 Kf8 34. Kg2 Ke7 35. Bd5 Be6 36. Bc6 b4 37. Kf3 Kd6 38. Be4 h6 39. Bb1
Kc5 40. Ke4 Bd7 41. f4 b3 42. Bd3 Kb4 43. Ke3 Bc6 44. Be2 Bd7 45. Bh5 Kc4 46.
Bf3 Bf5 47. Be2+ Kc5 48. Bh5 Be6 49. Kd3 Kb4 50. Kd4 Bc4 51. Bf3 Bb5 52. Bd5
Be8 53. Bc4 f5 54. Bd3 1-0

[Event "Litomysl 2006"]
[Site "?"]
[Date "2007.01.01"]
[Round "9.8"]
[White "Spirin, Oleg"]
[Black "Mudrak, Josef"]
[Result "0-1"]
[WhiteElo "2345"]
[BlackElo "2343"]
[PlyCount "164"]
[EventDate "2006.12.26"]

1. d4 Nf6 2. c4 g6 3. Nc3 Bg7 4. g3 d6 5. Bg2 O-O 6. Nf3 Nbd7 7. O-O e5 8. e4
c6 9. h3 a6 10. Be3 b5 11. c5 Bb7 12. dxe5 dxe5 13. b4 a5 14. a3 Qc7 15. Nd2
Rfd8 16. Qc2 Nf8 17. Nb3 axb4 18. axb4 Ne6 19. Rxa8 Bxa8 20. Rd1 Nd7 21. Ne2
Bb7 22. Na5 Bc8 23. f4 Nb8 24. Rxd8+ Qxd8 25. Qd2 Qxd2 26. Bxd2 Bd7 27. Kf2 Bh6
28. Ke1 f6 29. h4 Nc7 30. Bc3 exf4 31. gxf4 Kf7 32. e5 Ne6 33. Bd2 fxe5 34.
fxe5 Bg7 35. Bc3 Ke7 36. Kd2 Kd8 37. Nb7+ Kc7 38. Nd6 Bf8 39. Ne4 Ng7 40. Nf6
Nf5 41. Nxh7 Bh6+ 42. Kd3 Nxh4 43. Be4 Be6 44. Nd4 Bc4+ 45. Kc2 Bf1 46. Nf6 Bg2
47. Bxg2 Nxg2 48. e6 Bf8 49. Nf3 Be7 50. Be5+ Kd8 51. Ng8 Na6 52. Kb3 Bxc5 53.
Bf6+ Ke8 54. Ne5 Nxb4 55. Nxg6 Ne3 56. Bg5 Ned5 57. Ne5 Bd6 58. Nd7 c5 59.
Ngf6+ Nxf6 60. Nxf6+ Kf8 61. Nd7+ Kg7 62. Nb6 Nc6 63. Nd5 Nd4+ 64. Kb2 Nxe6 65.
Be3 Kg6 66. Nb6 Kf5 67. Kb3 Ke4 68. Bf2 Bc7 69. Nd7 Ba5 70. Kb2 c4 71. Kc2 b4
72. Nf6+ Kf3 73. Ba7 Nf4 74. Bd4 b3+ 75. Kb2 Nd3+ 76. Ka3 Bb4+ 77. Ka4 Bd6 78.
Nd7 Ke4 79. Bc3 b2 80. Nf6+ Kf5 81. Bxb2 Nxb2+ 82. Kb5 Kxf6 0-1

[Event "Litomysl 2006"]
[Site "?"]
[Date "2007.01.01"]
[Round "9.10"]
[White "Grecescu, Gabriel-Andrei"]
[Black "Fuchs, Georg"]
[Result "1-0"]
[WhiteElo "2405"]
[BlackElo "2194"]
[PlyCount "41"]
[EventDate "2006.12.26"]

1. c4 e5 2. g3 Nf6 3. Bg2 d5 4. cxd5 Nxd5 5. Nc3 Be6 6. Nf3 Nc6 7. O-O Nb6 8.
a4 Bb4 9. a5 Nxa5 10. Nxe5 Bb3 11. Qe1 Bc2 12. Rxa5 Bxa5 13. Bxb7 O-O 14. Nc6
Qg5 15. d3 Qh5 16. b4 Rae8 17. bxa5 Na4 18. Ba3 Nxc3 19. Qxc3 Qxe2 20. Bxf8
Kxf8 21. Nd4 1-0

[Event "Litomysl 2006"]
[Site "?"]
[Date "2007.01.01"]
[Round "9.12"]
[White "Toma, Katarzyna"]
[Black "Pietrobon, Fabio"]
[Result "1-0"]
[WhiteElo "2268"]
[BlackElo "2111"]
[PlyCount "59"]
[EventDate "2006.12.26"]

1. e4 c5 2. Nf3 d6 3. d4 cxd4 4. Nxd4 Nf6 5. Nc3 e6 6. Be3 Be7 7. g4 Nc6 8. g5
Nd7 9. h4 O-O 10. Qe2 a6 11. O-O-O Nxd4 12. Rxd4 b5 13. f4 Bb7 14. Bh3 Qa5 15.
g6 f5 16. Rg1 h6 17. exf5 exf5 18. Bf2 Qd8 19. Re1 Re8 20. Bxf5 Nc5 21. Nd5 Bf8
22. Qd2 Bxd5 23. Rxd5 Nb7 24. Be6+ Kh8 25. f5 Be7 26. Be3 Bf6 27. Bxh6 Rxe6 28.
fxe6 Rc8 29. Bg5 Qc7 30. Re2 1-0

[Event "Litomysl 2006"]
[Site "?"]
[Date "2007.01.01"]
[Round "9.16"]
[White "Gruber, Michael"]
[Black "Kadziolka, Beata"]
[Result "0-1"]
[WhiteElo "2150"]
[BlackElo "2346"]
[PlyCount "66"]
[EventDate "2006.12.26"]

1. e4 c5 2. Nf3 d6 3. d4 cxd4 4. Nxd4 Nf6 5. Nc3 a6 6. Be2 e6 7. O-O b5 8. Bf3
Ra7 9. Be3 Rd7 10. a4 b4 11. Na2 Bb7 12. Nxb4 Nxe4 13. Bxe4 Bxe4 14. Qg4 d5 15.
Nd3 Qf6 16. Rad1 Be7 17. Bf4 h5 18. Qg3 h4 19. Qg4 Bxd3 20. Rxd3 e5 21. Rb3 Rd8
22. Nf5 exf4 23. Re1 Nc6 24. Rb7 O-O 25. Nxe7+ Nxe7 26. Rbxe7 Qxb2 27. Qxf4
Qxc2 28. Qxh4 d4 29. Qg5 Qb3 30. R7e4 d3 31. Qh5 d2 32. Rd1 Rfe8 33. Qf3 Rxe4
0-1

[Event "Litomysl 2006"]
[Site "?"]
[Date "2007.01.01"]
[Round "9.18"]
[White "Krupa, Monika"]
[Black "Giuriati, Paolo"]
[Result "1-0"]
[WhiteElo "2309"]
[BlackElo "2209"]
[PlyCount "67"]
[EventDate "2006.12.26"]

1. e4 e6 2. d4 d5 3. Nd2 Nf6 4. e5 Nfd7 5. Bd3 c5 6. c3 Nc6 7. Ndf3 cxd4 8.
cxd4 f6 9. Bf4 Qb6 10. b3 Bb4+ 11. Kf1 Be7 12. h4 a5 13. g3 a4 14. bxa4 Qb4 15.
Bb5 Na7 16. Rb1 Qa3 17. Bd3 Nc6 18. Bc2 Qxa2 19. Bb3 Qa3 20. Kg2 Bd8 21. Ne2
Qe7 22. Nc3 O-O 23. Bc2 f5 24. Bg5 Qf7 25. Nb5 h6 26. Nd6 Qh5 27. Nxc8 Rxc8 28.
Rxb7 Ndxe5 29. dxe5 hxg5 30. hxg5 Qg6 31. Nh4 Qe8 32. g6 Bg5 33. Qh5 Bh6 34.
Rxg7+ 1-0

[Event "Litomysl 2006"]
[Site "?"]
[Date "2007.01.01"]
[Round "9.20"]
[White "Cerveny, Petr"]
[Black "Blecha, Miroslav"]
[Result "1-0"]
[WhiteElo "2286"]
[BlackElo "2204"]
[PlyCount "79"]
[EventDate "2006.12.26"]

1. e4 c5 2. Nf3 e6 3. d4 cxd4 4. Nxd4 a6 5. Bd3 Nc6 6. Nxc6 dxc6 7. Nd2 e5 8.
Qh5 Qa5 9. O-O Nf6 10. Qh4 Be6 11. Nc4 Qc7 12. Be3 b5 13. Nd2 Be7 14. Qg3 Ng4
15. a4 O-O 16. h3 Nxe3 17. Qxe3 h6 18. Nf3 Bd6 19. Nh4 Be7 20. Nf5 Bg5 21. Qf3
c5 22. h4 Bd8 23. Qg3 Bxf5 24. exf5 c4 25. Be4 Rb8 26. axb5 axb5 27. Ra6 Kh8
28. Rfa1 Qe7 29. f6 gxf6 30. Qg4 Rg8 31. Qf5 Rg7 32. R1a3 Qb4 33. Rg3 Qf8 34.
Ra7 Qg8 35. Qh5 f5 36. Bxf5 Rb6 37. Rxg7 Kxg7 38. Be4 Rf6 39. Qxe5 Bb6 40. Ra8
1-0